[Event "Greek Team Championship"]
[Site "chess24.com"]
[Date "2017.07.04"]
[Round "2"]
[White "Mastrovasilis, Athanasios"]
[Black "Managadze, Nikoloz"]
[Result "1-0"]
[Board "2"]
[WhiteElo "2512"]
[WhiteTitle "GM"]
[WhiteCountry "GRE"]
[WhiteFideId "4201990"]
[WhiteEloChange "4"]
[BlackElo "2454"]
[BlackTitle "IM"]
[BlackCountry "GEO"]
[BlackFideId "13600575"]
[BlackEloChange "-4"]

1. d4 {[%clk 1:30:34]} d6 {[%clk 1:22:44]} 2. Nf3 {[%clk 1:27:39]} g6 {[%clk
1:22:36]} 3. c4 {[%clk 1:25:30]} Bg7 {[%clk 1:22:52]} 4. Nc3 {[%clk 1:25:13]} Nc6
{[%clk 1:20:08]} 5. d5 {[%clk 1:19:58]} Nb8 {[%clk 1:20:06]} 6. e4 {[%clk
1:19:47]} c6 {[%clk 1:17:15]} 7. h3 {[%clk 1:12:00]} Nf6 {[%clk 1:14:32]} 8. Bd3
{[%clk 1:05:48]} O-O {[%clk 1:13:00]} 9. O-O {[%clk 1:06:03]} Na6 {[%clk
1:10:30]} 10. Be3 {[%clk 0:59:16]} Nd7 {[%clk 1:07:53]} 11. Rc1 {[%clk 0:53:57]}
Ne5 {[%clk 1:03:48]} 12. Nxe5 {[%clk 0:52:05]} Bxe5 {[%clk 1:04:10]} 13. a3
{[%clk 0:45:57]} e6 {[%clk 0:46:10]} 14. b4 {[%clk 0:35:36]} Nc7 {[%clk 0:45:19]}
15. dxc6 {[%clk 0:28:26]} bxc6 {[%clk 0:45:38]} 16. Be2 {[%clk 0:25:20]} Qe7
{[%clk 0:36:53]} 17. f4 {[%clk 0:20:35]} Bg7 {[%clk 0:36:48]} 18. e5 {[%clk
0:20:46]} Rd8 {[%clk 0:33:42]} 19. exd6 {[%clk 0:20:08]} Rxd6 {[%clk 0:34:03]}
20. Qe1 {[%clk 0:18:49]} e5 {[%clk 0:30:56]} 21. Bc5 {[%clk 0:12:48]} exf4 {[%clk
0:27:14]} 22. Bf3 {[%clk 0:12:43]} Qxe1 {[%clk 0:05:49]} 23. Rfxe1 {[%clk
0:13:08]} Re6 {[%clk 0:06:08]} 24. Red1 {[%clk 0:08:12]} Bf8 {[%clk 0:02:08]} 25.
Bxf8 {[%clk 0:05:32]} Kxf8 {[%clk 0:02:34]} 26. b5 {[%clk 0:05:54]} Rb8 {[%clk
0:02:06]} 27. Bxc6 {[%clk 0:05:29]} Bb7 {[%clk 0:02:23]} 28. Bxb7 {[%clk
0:03:26]} Rxb7 {[%clk 0:02:50]} 29. Na4 {[%clk 0:03:05]} Re5 {[%clk 0:03:11]} 30.
Rd7 {[%clk 0:03:18]} Re7 {[%clk 0:02:35]} 31. Rxe7 {[%clk 0:01:41]} Kxe7 {[%clk
0:03:01]} 32. Nc5 {[%clk 0:01:51]} Rb6 {[%clk 0:02:24]} 33. Re1+ {[%clk 0:01:28]}
Ne6 {[%clk 0:02:38]} 34. a4 {[%clk 0:01:17]} Rd6 {[%clk 0:02:44]} 35. Re4 {[%clk
0:01:00]} Rd1+ {[%clk 0:00:45]} 36. Kf2 {[%clk 0:01:15]} Ra1 {[%clk 0:01:03]} 37.
Nxe6 {[%clk 0:01:13]} fxe6 {[%clk 0:01:31]} 38. c5 {[%clk 0:01:34]} g5 {[%clk
0:01:39]} 39. c6 {[%clk 0:01:00]} Rc1 {[%clk 0:01:56]} 40. h4 {[%clk 0:31:00]} h6
{[%clk 0:32:19]} 41. hxg5 {[%clk 0:16:56]} hxg5 {[%clk 0:32:12]} 42. a5 {[%clk
0:10:24]} a6 {[%clk 0:15:51]} 43. b6 {[%clk 0:08:30]} Kd6 {[%clk 0:15:48]} 44.
Rb4 {[%clk 0:07:06]} 1-0

[Event "Greek Team Championship"]
[Site "chess24.com"]
[Date "2017.07.04"]
[Round "2"]
[White "Korniotis, Filippos"]
[Black "Georgiadis, Nico"]
[Result "0-1"]
[Board "3"]
[WhiteElo "2143"]
[WhiteCountry "GRE"]
[WhiteFideId "4236912"]
[WhiteEloChange "-2"]
[BlackElo "2495"]
[BlackTitle "IM"]
[BlackCountry "SUI"]
[BlackFideId "1300113"]
[BlackEloChange "1"]

1. d4 {[%clk 1:30:57]} f5 {[%clk 1:30:15]} 2. Nc3 {[%clk 1:30:53]} Nf6 {[%clk
1:28:14]} 3. Bg5 {[%clk 1:31:19]} d5 {[%clk 1:28:38]} 4. Bxf6 {[%clk 1:31:45]}
exf6 {[%clk 1:29:01]} 5. e3 {[%clk 1:29:48]} Be6 {[%clk 1:29:24]} 6. Bd3 {[%clk
1:27:24]} Nc6 {[%clk 1:29:24]} 7. Nge2 {[%clk 1:24:42]} Qd7 {[%clk 1:26:55]} 8.
a3 {[%clk 1:15:37]} g5 {[%clk 1:26:44]} 9. h4 {[%clk 1:10:46]} O-O-O {[%clk
1:21:20]} 10. f4 {[%clk 1:04:42]} Bd6 {[%clk 1:10:47]} 11. hxg5 {[%clk 1:00:29]}
fxg5 {[%clk 1:11:09]} 12. Qd2 {[%clk 1:00:36]} gxf4 {[%clk 1:03:41]} 13. exf4
{[%clk 1:00:58]} Kb8 {[%clk 0:56:11]} 14. O-O-O {[%clk 0:57:48]} h5 {[%clk
0:56:01]} 15. Bb5 {[%clk 0:55:58]} a6 {[%clk 0:56:02]} 16. Bxc6 {[%clk 0:56:23]}
Qxc6 {[%clk 0:56:23]} 17. Ng1 {[%clk 0:56:17]} Rdg8 {[%clk 0:47:59]} 18. Qf2
{[%clk 0:47:28]} Bxa3 {[%clk 0:46:34]} 19. Rd3 {[%clk 0:46:40]} Bd6 {[%clk
0:42:19]} 20. Rdh3 {[%clk 0:46:55]} Bf7 {[%clk 0:37:02]} 21. Nce2 {[%clk
0:44:05]} Qc4 {[%clk 0:29:53]} 22. b3 {[%clk 0:31:59]} Qb5 {[%clk 0:22:59]} 23.
Nf3 {[%clk 0:31:19]} Qa5 {[%clk 0:22:08]} 24. Kb1 {[%clk 0:30:54]} Be8 {[%clk
0:22:26]} 25. Ne5 {[%clk 0:26:33]} Bb4 {[%clk 0:18:50]} 26. Qf3 {[%clk 0:22:30]}
Rh6 {[%clk 0:15:53]} 27. Nc1 {[%clk 0:17:04]} Rb6 {[%clk 0:10:49]} 28. Rd1 {[%clk
0:12:48]} Ka7 {[%clk 0:09:03]} 29. Na2 {[%clk 0:11:24]} Ba3 {[%clk 0:03:32]} 30.
Nc3 {[%clk 0:07:02]} Bc6 {[%clk 0:03:32]} 31. g3 {[%clk 0:04:29]} Bb4 {[%clk
0:01:57]} 32. Na2 {[%clk 0:04:53]} Be8 {[%clk 0:01:10]} 33. Nxb4 {[%clk 0:05:01]}
Rxb4 {[%clk 0:01:24]} 34. Kb2 {[%clk 0:03:56]} Rb6 {[%clk 0:00:48]} 35. Qd3
{[%clk 0:02:05]} Rf8 {[%clk 0:01:02]} 36. Ra1 {[%clk 0:01:48]} Qb4 {[%clk
0:01:20]} 37. Qc3 {[%clk 0:01:43]} Qxc3+ {[%clk 0:01:18]} 38. Kxc3 {[%clk
0:02:12]} Rg8 {[%clk 0:00:58]} 39. Re1 {[%clk 0:02:08]} Re6 {[%clk 0:00:46]} 40.
Re3 {[%clk 0:31:29]} b6 {[%clk 0:30:54]} 41. Kd3 {[%clk 0:25:09]} Kb7 {[%clk
0:29:59]} 42. Ke2 {[%clk 0:16:48]} a5 {[%clk 0:27:49]} 43. Kf3 {[%clk 0:15:20]}
Rh8 {[%clk 0:10:04]} 44. Rh2 {[%clk 0:11:16]} Rhh6 {[%clk 0:09:44]} 45. Re1
{[%clk 0:10:20]} b5 {[%clk 0:08:31]} 46. Ra1 {[%clk 0:09:45]} Kb6 {[%clk
0:08:09]} 47. c3 {[%clk 0:10:11]} a4 {[%clk 0:06:15]} 48. bxa4 {[%clk 0:10:26]}
bxa4 {[%clk 0:06:39]} 49. Nd3 {[%clk 0:08:53]} h4 {[%clk 0:06:09]} 50. Rxh4
{[%clk 0:09:22]} Rxh4 {[%clk 0:06:13]} 51. gxh4 {[%clk 0:09:51]} Bh5+ {[%clk
0:06:33]} 52. Kf2 {[%clk 0:09:41]} Re2+ {[%clk 0:06:51]} 53. Kg1 {[%clk 0:10:05]}
Kb5 {[%clk 0:05:07]} 54. Nc5 {[%clk 0:09:10]} Kc4 {[%clk 0:05:13]} 55. Rxa4+
{[%clk 0:07:41]} Kxc3 {[%clk 0:05:39]} 56. Nd7 {[%clk 0:06:41]} Be8 {[%clk
0:04:08]} 57. Ra7 {[%clk 0:07:10]} Kxd4 {[%clk 0:03:48]} 58. Nf6 {[%clk 0:07:22]}
c5 {[%clk 0:03:48]} 59. h5 {[%clk 0:07:50]} Re6 {[%clk 0:01:23]} 60. Nxe8 {[%clk
0:05:35]} Rxe8 {[%clk 0:01:51]} 61. h6 {[%clk 0:06:00]} Re6 {[%clk 0:01:53]} 62.
h7 {[%clk 0:06:11]} Rh6 {[%clk 0:02:18]} 63. Kf2 {[%clk 0:06:14]} c4 {[%clk
0:02:25]} 64. Ke2 {[%clk 0:06:04]} Rh2+ {[%clk 0:02:48]} 65. Kf3 {[%clk 0:04:49]}
c3 {[%clk 0:02:51]} 66. Rc7 {[%clk 0:05:16]} Kd3 {[%clk 0:02:58]} 67. Rc5 {[%clk
0:05:13]} d4 {[%clk 0:03:12]} 68. Rxf5 {[%clk 0:05:39]} Rxh7 {[%clk 0:03:20]} 69.
Rc5 {[%clk 0:06:02]} c2 {[%clk 0:03:35]} 0-1

[Event "Greek Team Championship"]
[Site "chess24.com"]
[Date "2017.07.04"]
[Round "2"]
[White "Malikentzos, Sotirios"]
[Black "Papageorgiou, Vasilios"]
[Result "1-0"]
[Board "4"]
[WhiteElo "2439"]
[WhiteTitle "FM"]
[WhiteCountry "GRE"]
[WhiteFideId "4215079"]
[WhiteEloChange "1"]
[BlackElo "2121"]
[BlackCountry "GRE"]
[BlackFideId "4205839"]
[BlackEloChange "-3"]

1. Nf3 {[%clk 1:30:56]} Nf6 {[%clk 1:29:38]} 2. c4 {[%clk 1:31:17]} e6 {[%clk
1:28:49]} 3. g3 {[%clk 1:31:43]} b6 {[%clk 1:28:56]} 4. Bg2 {[%clk 1:32:04]} Bb7
{[%clk 1:29:23]} 5. O-O {[%clk 1:32:30]} c5 {[%clk 1:28:52]} 6. Nc3 {[%clk
1:32:53]} a6 {[%clk 1:29:12]} 7. d4 {[%clk 1:32:15]} cxd4 {[%clk 1:28:28]} 8.
Qxd4 {[%clk 1:32:36]} d6 {[%clk 1:26:20]} 9. Bg5 {[%clk 1:31:47]} Be7 {[%clk
1:26:03]} 10. Bxf6 {[%clk 1:31:30]} Bxf6 {[%clk 1:26:22]} 11. Qf4 {[%clk
1:31:58]} O-O {[%clk 1:15:03]} 12. Rfd1 {[%clk 1:32:19]} Be7 {[%clk 1:15:07]} 13.
Ne4 {[%clk 1:30:31]} Bxe4 {[%clk 1:08:30]} 14. Qxe4 {[%clk 1:30:46]} Nd7 {[%clk
1:08:51]} 15. Nd4 {[%clk 1:30:47]} Qc7 {[%clk 0:58:22]} 16. Nxe6 {[%clk 1:27:40]}
fxe6 {[%clk 0:57:02]} 17. Qxe6+ {[%clk 1:28:00]} Kh8 {[%clk 0:57:01]} 18. Qxe7
{[%clk 1:26:58]} 1-0

[Event "Greek Team Championship"]
[Site "chess24.com"]
[Date "2017.07.04"]
[Round "2"]
[White "Stefanidi, Maria-Anna"]
[Black "Zawadzka, Jolanta"]
[Result "0-1"]
[Board "5"]
[WhiteElo "2001"]
[WhiteTitle "WFM"]
[WhiteCountry "GRE"]
[WhiteFideId "4207750"]
[WhiteEloChange "-2"]
[BlackElo "2426"]
[BlackTitle "WGM"]
[BlackCountry "POL"]
[BlackFideId "1122320"]
[BlackEloChange "1"]

1. e4 {[%clk 1:30:52]} c5 {[%clk 1:28:02]} 2. Nf3 {[%clk 1:31:04]} e6 {[%clk
1:28:19]} 3. d4 {[%clk 1:31:16]} cxd4 {[%clk 1:28:45]} 4. Nxd4 {[%clk 1:31:40]}
Nc6 {[%clk 1:29:13]} 5. Nxc6 {[%clk 1:29:57]} bxc6 {[%clk 1:29:35]} 6. Bd3 {[%clk
1:30:23]} Nf6 {[%clk 1:29:45]} 7. O-O {[%clk 1:30:47]} e5 {[%clk 1:30:08]} 8. Bg5
{[%clk 1:29:36]} h6 {[%clk 1:24:05]} 9. Bh4 {[%clk 1:29:39]} Be7 {[%clk 1:22:33]}
10. Nd2 {[%clk 1:29:15]} O-O {[%clk 1:19:45]} 11. Qe2 {[%clk 1:27:42]} d6 {[%clk
1:15:19]} 12. b4 {[%clk 1:22:18]} Re8 {[%clk 1:05:29]} 13. c4 {[%clk 1:17:45]} a5
{[%clk 0:49:14]} 14. b5 {[%clk 1:13:10]} Nd7 {[%clk 0:44:29]} 15. Bxe7 {[%clk
1:11:51]} Qxe7 {[%clk 0:44:52]} 16. a4 {[%clk 1:10:36]} Nc5 {[%clk 0:43:06]} 17.
Bc2 {[%clk 1:10:16]} Bb7 {[%clk 0:37:28]} 18. Rfd1 {[%clk 1:04:12]} Rec8 {[%clk
0:29:31]} 19. Nb3 {[%clk 1:03:10]} cxb5 {[%clk 0:28:35]} 20. axb5 {[%clk
1:00:46]} Qc7 {[%clk 0:27:34]} 21. Nxc5 {[%clk 0:58:14]} dxc5 {[%clk 0:23:27]}
22. Rd3 {[%clk 0:55:43]} Rd8 {[%clk 0:23:37]} 23. Rg3 {[%clk 0:55:25]} Rd4 {[%clk
0:21:58]} 24. Qg4 {[%clk 0:55:22]} g6 {[%clk 0:21:30]} 25. h4 {[%clk 0:53:19]}
Kg7 {[%clk 0:16:39]} 26. h5 {[%clk 0:52:54]} g5 {[%clk 0:16:11]} 27. Rf1 {[%clk
0:40:35]} Rxc4 {[%clk 0:12:42]} 28. Bb1 {[%clk 0:36:35]} Rb4 {[%clk 0:11:11]} 29.
Qf5 {[%clk 0:36:44]} Qe7 {[%clk 0:09:08]} 30. f4 {[%clk 0:33:26]} Bc8 {[%clk
0:08:55]} 31. Qxe5+ {[%clk 0:33:49]} Qxe5 {[%clk 0:09:22]} 32. fxe5 {[%clk
0:34:12]} Be6 {[%clk 0:09:44]} 33. Rc3 {[%clk 0:33:59]} Rc8 {[%clk 0:07:42]} 34.
Rfc1 {[%clk 0:33:18]} Rxb5 {[%clk 0:07:22]} 35. Bd3 {[%clk 0:32:45]} c4 {[%clk
0:07:25]} 36. Be2 {[%clk 0:32:39]} Rxe5 {[%clk 0:07:42]} 0-1

[Event "Greek Team Championship"]
[Site "chess24.com"]
[Date "2017.07.04"]
[Round "2"]
[White "Pasoglou, Ekaterini"]
[Black "Salahidou, Reveka"]
[Result "0-1"]
[Board "6"]
[WhiteElo "1885"]
[WhiteCountry "GRE"]
[WhiteFideId "4247663"]
[WhiteEloChange "-8"]
[BlackElo "1951"]
[BlackCountry "GRE"]
[BlackFideId "4230612"]
[BlackEloChange "8"]

1. e4 {[%clk 1:30:30]} c5 {[%clk 1:30:46]} 2. Nf3 {[%clk 1:31:22]} e6 {[%clk
1:31:01]} 3. d4 {[%clk 1:31:41]} cxd4 {[%clk 1:31:26]} 4. Nxd4 {[%clk 1:32:05]}
a6 {[%clk 1:31:51]} 5. Bd3 {[%clk 1:32:21]} Bc5 {[%clk 1:31:36]} 6. Nb3 {[%clk
1:32:37]} Be7 {[%clk 1:29:45]} 7. Qg4 {[%clk 1:32:27]} Nf6 {[%clk 1:28:50]} 8.
Qxg7 {[%clk 1:31:34]} Rg8 {[%clk 1:29:13]} 9. Qh6 {[%clk 1:31:59]} Nc6 {[%clk
1:14:35]} 10. Nc3 {[%clk 1:21:32]} Ne5 {[%clk 1:02:43]} 11. Be2 {[%clk 0:57:26]}
Rxg2 {[%clk 0:35:28]} 12. Qh3 {[%clk 0:56:35]} Rg8 {[%clk 0:35:02]} 13. Bf4
{[%clk 0:44:57]} Ng6 {[%clk 0:34:58]} 14. Bg3 {[%clk 0:45:10]} e5 {[%clk
0:34:10]} 15. Qf1 {[%clk 0:43:37]} Bb4 {[%clk 0:33:52]} 16. Bf3 {[%clk 0:38:36]}
Bxc3+ {[%clk 0:26:52]} 17. bxc3 {[%clk 0:38:56]} Qc7 {[%clk 0:27:06]} 18. Qd3
{[%clk 0:37:40]} d6 {[%clk 0:27:32]} 19. O-O-O {[%clk 0:32:18]} Ke7 {[%clk
0:27:46]} 20. Be2 {[%clk 0:25:31]} Be6 {[%clk 0:27:40]} 21. Kb2 {[%clk 0:23:17]}
Rac8 {[%clk 0:27:07]} 22. Qe3 {[%clk 0:17:40]} b5 {[%clk 0:22:24]} 23. Rc1 {[%clk
0:10:07]} Nd7 {[%clk 0:16:31]} 24. f4 {[%clk 0:03:17]} exf4 {[%clk 0:16:46]} 25.
Bxf4 {[%clk 0:03:43]} Nxf4 {[%clk 0:17:11]} 26. Qxf4 {[%clk 0:04:08]} Qxc3+
{[%clk 0:17:29]} 27. Kb1 {[%clk 0:04:35]} Nc5 {[%clk 0:15:28]} 28. Rhd1 {[%clk
0:04:10]} Rc6 {[%clk 0:07:03]} 29. Nd4 {[%clk 0:03:40]} Qb4+ {[%clk 0:03:01]} 30.
Ka1 {[%clk 0:04:04]} Qc3+ {[%clk 0:03:27]} 31. Kb1 {[%clk 0:04:31]} Qb4+ {[%clk
0:01:54]} 32. Ka1 {[%clk 0:04:57]} Qc3+ {[%clk 0:02:21]} 33. Kb1 {[%clk 0:05:24]}
Rb6 {[%clk 0:02:26]} 34. Qh4+ {[%clk 0:05:14]} Kd7 {[%clk 0:01:55]} 35. Nxe6
{[%clk 0:03:21]} fxe6 {[%clk 0:02:03]} 36. e5 {[%clk 0:02:38]} Qxe5 {[%clk
0:01:30]} 37. Qxh7+ {[%clk 0:02:41]} Rg7 {[%clk 0:01:52]} 38. Qh5 {[%clk
0:02:59]} Qc3 {[%clk 0:01:59]} 39. Qf3 {[%clk 0:02:09]} Na4 {[%clk 0:01:59]} 0-1

[Event "Greek Team Championship"]
[Site "chess24.com"]
[Date "2017.07.04"]
[Round "2"]
[White "Kiousi, Panagiota"]
[Black "Pasoglou, Nikoleta"]
[Result "0-1"]
[Board "7"]
[WhiteElo "1530"]
[WhiteCountry "GRE"]
[WhiteFideId "25803476"]
[WhiteEloChange "-17"]
[BlackElo "1241"]
[BlackCountry "GRE"]
[BlackFideId "4265408"]
[BlackEloChange "17"]

1. d4 {[%clk 1:30:56]} Nf6 {[%clk 1:30:56]} 2. c4 {[%clk 1:31:12]} Nc6 {[%clk
1:31:19]} 3. Nc3 {[%clk 1:29:49]} e5 {[%clk 1:29:49]} 4. d5 {[%clk 1:29:14]} Ne7
{[%clk 1:28:26]} 5. Bg5 {[%clk 1:22:34]} Ng6 {[%clk 1:26:38]} 6. a3 {[%clk
1:20:01]} Be7 {[%clk 1:25:12]} 7. e4 {[%clk 1:19:37]} Nxd5 {[%clk 1:22:42]} 8.
exd5 {[%clk 1:14:02]} Bxg5 {[%clk 1:23:03]} 9. Bd3 {[%clk 1:12:57]} Nf4 {[%clk
1:14:41]} 10. Qf3 {[%clk 1:12:28]} d6 {[%clk 1:09:09]} 11. Nge2 {[%clk 1:12:08]}
Nxd3+ {[%clk 1:09:02]} 12. Qxd3 {[%clk 1:12:26]} Qf6 {[%clk 1:02:35]} 13. Ng3
{[%clk 1:08:17]} O-O {[%clk 0:58:01]} 14. O-O {[%clk 1:08:14]} Qf4 {[%clk
0:48:18]} 15. Nb5 {[%clk 1:05:20]} Bd8 {[%clk 0:44:48]} 16. Rfe1 {[%clk 1:03:54]}
f5 {[%clk 0:42:05]} 17. Re3 {[%clk 0:57:57]} a6 {[%clk 0:37:44]} 18. Nc3 {[%clk
0:54:15]} Bg5 {[%clk 0:32:23]} 19. Qf1 {[%clk 0:22:05]} Qh4 {[%clk 0:28:44]} 20.
Ree1 {[%clk 0:21:28]} Rf6 {[%clk 0:26:38]} 21. h3 {[%clk 0:20:59]} Bf4 {[%clk
0:24:03]} 22. Nce2 {[%clk 0:18:18]} Bxg3 {[%clk 0:21:13]} 23. Nxg3 {[%clk
0:18:34]} Rg6 {[%clk 0:20:50]} 24. Kh2 {[%clk 0:17:28]} f4 {[%clk 0:18:25]} 25.
Ne4 {[%clk 0:17:45]} Rh6 {[%clk 0:16:06]} 26. f3 {[%clk 0:17:53]} Bf5 {[%clk
0:15:53]} 27. b4 {[%clk 0:17:28]} Bxe4 {[%clk 0:16:13]} 28. Rxe4 {[%clk 0:17:40]}
Qg3+ {[%clk 0:16:39]} 29. Kh1 {[%clk 0:17:47]} Rf8 {[%clk 0:16:48]} 30. Ra2
{[%clk 0:15:54]} Rf5 {[%clk 0:17:02]} 31. Qg1 {[%clk 0:12:09]} Rfh5 {[%clk
0:11:47]} 32. Rf2 {[%clk 0:04:24]} g5 {[%clk 0:10:32]} 33. Ree2 {[%clk 0:04:05]}
g4 {[%clk 0:09:45]} 34. fxg4 {[%clk 0:04:08]} Qxg4 {[%clk 0:10:09]} 35. Qh2
{[%clk 0:02:44]} Kh8 {[%clk 0:08:20]} 36. Qg1 {[%clk 0:03:02]} Qg6 {[%clk
0:06:07]} 37. Rd2 {[%clk 0:02:48]} Qe4 {[%clk 0:05:58]} 38. Kh2 {[%clk 0:02:14]}
Qxc4 {[%clk 0:03:16]} 39. Rf3 {[%clk 0:01:49]} Rg5 {[%clk 0:02:47]} 40. Qd1
{[%clk 0:31:56]} Qb5 {[%clk 0:32:15]} 41. Rc2 {[%clk 0:31:52]} Qd7 {[%clk
0:32:11]} 42. Qc1 {[%clk 0:31:55]} Qg4 {[%clk 0:29:55]} 43. Rb2 {[%clk 0:25:50]}
e4 {[%clk 0:20:29]} 44. Rxf4 {[%clk 0:20:38]} Qg3+ {[%clk 0:20:03]} 45. Kh1
{[%clk 0:20:08]} e3 {[%clk 0:17:39]} 46. Rf3 {[%clk 0:19:09]} Rxh3+ {[%clk
0:17:36]} 47. gxh3 {[%clk 0:18:11]} Qxf3+ {[%clk 0:18:00]} 48. Kh2 {[%clk
0:18:06]} Qg3+ {[%clk 0:18:20]} 49. Kh1 {[%clk 0:18:22]} Qxh3+ {[%clk 0:18:41]}
50. Rh2 {[%clk 0:18:38]} Qf3+ {[%clk 0:19:09]} 51. Rg2 {[%clk 0:18:56]} Qxg2#
{[%clk 0:19:35]} 0-1

[Event "Greek Team Championship"]
[Site "chess24.com"]
[Date "2017.07.04"]
[Round "2"]
[White "Ballas, Athanasios-panagiotis"]
[Black "Papadopoulos, Georgios"]
[Result "0-1"]
[Board "8"]
[WhiteElo "2015"]
[WhiteCountry "GRE"]
[WhiteFideId "4224078"]
[WhiteEloChange "-4"]
[BlackElo "2240"]
[BlackCountry "GRE"]
[BlackFideId "4210271"]
[BlackEloChange "4"]

1. e4 {[%clk 1:30:18]} c5 {[%clk 1:30:51]} 2. Na3 {[%clk 1:29:22]} Nc6 {[%clk
1:28:22]} 3. Bb5 {[%clk 1:28:10]} e5 {[%clk 1:18:57]} 4. d3 {[%clk 1:24:08]} Nge7
{[%clk 0:57:08]} 5. Nf3 {[%clk 1:24:01]} d6 {[%clk 0:56:53]} 6. h3 {[%clk
1:21:45]} g6 {[%clk 0:56:06]} 7. c3 {[%clk 1:19:11]} Bg7 {[%clk 0:55:58]} 8. O-O
{[%clk 1:16:40]} O-O {[%clk 0:56:17]} 9. Nc2 {[%clk 1:05:52]} h6 {[%clk 0:45:23]}
10. d4 {[%clk 0:55:34]} exd4 {[%clk 0:44:38]} 11. cxd4 {[%clk 0:42:07]} Nxd4
{[%clk 0:44:45]} 12. Ncxd4 {[%clk 0:40:23]} cxd4 {[%clk 0:45:11]} 13. Nxd4 {[%clk
0:39:46]} Qb6 {[%clk 0:44:38]} 14. Be3 {[%clk 0:40:09]} Bxd4 {[%clk 0:44:10]} 15.
Qxd4 {[%clk 0:40:28]} Qxb5 {[%clk 0:44:22]} 16. Bxh6 {[%clk 0:40:52]} Qe5 {[%clk
0:44:38]} 17. Qxe5 {[%clk 0:39:58]} dxe5 {[%clk 0:45:06]} 18. Bxf8 {[%clk
0:40:19]} Kxf8 {[%clk 0:45:32]} 19. Rac1 {[%clk 0:33:03]} Nc6 {[%clk 0:45:00]}
20. a3 {[%clk 0:30:44]} a5 {[%clk 0:36:49]} 21. Rc5 {[%clk 0:30:36]} a4 {[%clk
0:36:13]} 22. Rd1 {[%clk 0:25:04]} Ke7 {[%clk 0:31:23]} 23. Rb5 {[%clk 0:19:32]}
f6 {[%clk 0:26:07]} 24. g3 {[%clk 0:15:52]} Ra6 {[%clk 0:13:56]} 25. Kg2 {[%clk
0:15:33]} Nd4 {[%clk 0:13:28]} 26. Rc5 {[%clk 0:14:23]} Bd7 {[%clk 0:13:49]} 27.
f3 {[%clk 0:09:12]} Rb6 {[%clk 0:13:21]} 0-1

[Event "Greek Team Championship"]
[Site "chess24.com"]
[Date "2017.07.04"]
[Round "2"]
[White "Paraskevas, Georgios"]
[Black "Vlachos, Anatole"]
[Result "0-1"]
[Board "9"]
[WhiteElo "1710"]
[WhiteCountry "GRE"]
[WhiteFideId "4262131"]
[WhiteEloChange "-2"]
[BlackElo "2075"]
[BlackCountry "GRE"]
[BlackFideId "26093189"]
[BlackEloChange "2"]

1. e4 {[%clk 1:30:58]} c5 {[%clk 1:30:55]} 2. c3 {[%clk 1:31:25]} d5 {[%clk
1:31:14]} 3. exd5 {[%clk 1:31:52]} Qxd5 {[%clk 1:31:28]} 4. d4 {[%clk 1:32:19]}
Nc6 {[%clk 1:31:50]} 5. Nf3 {[%clk 1:32:44]} Bf5 {[%clk 1:32:11]} 6. Be2 {[%clk
1:31:29]} cxd4 {[%clk 1:32:31]} 7. cxd4 {[%clk 1:24:55]} Bxb1 {[%clk 1:32:55]} 8.
Rxb1 {[%clk 1:25:17]} e6 {[%clk 1:33:16]} 9. a3 {[%clk 1:23:40]} Nf6 {[%clk
1:33:24]} 10. O-O {[%clk 1:20:20]} Be7 {[%clk 1:32:53]} 11. b4 {[%clk 0:53:20]}
Rd8 {[%clk 1:30:33]} 12. Bb2 {[%clk 0:53:24]} a6 {[%clk 1:27:23]} 13. Qc2 {[%clk
0:48:15]} O-O {[%clk 1:24:44]} 14. Bc4 {[%clk 0:43:45]} Qd6 {[%clk 1:23:54]} 15.
Rbd1 {[%clk 0:41:35]} Nd5 {[%clk 1:14:08]} 16. Ne5 {[%clk 0:32:10]} Rc8 {[%clk
1:10:23]} 17. Qb3 {[%clk 0:23:04]} Rfd8 {[%clk 1:09:29]} 18. Rfe1 {[%clk
0:22:29]} Bf6 {[%clk 1:07:57]} 19. g3 {[%clk 0:18:36]} g6 {[%clk 1:06:19]} 20.
Bf1 {[%clk 0:15:17]} Bg7 {[%clk 0:59:52]} 21. Bh3 {[%clk 0:14:18]} Re8 {[%clk
0:58:13]} 22. Qf3 {[%clk 0:12:28]} Rc7 {[%clk 0:57:39]} 23. Qe4 {[%clk 0:11:23]}
Na7 {[%clk 0:49:51]} 24. Nxf7 {[%clk 0:08:03]} Kxf7 {[%clk 0:49:07]} 25. Rd3
{[%clk 0:06:42]} Rce7 {[%clk 0:46:53]} 26. f4 {[%clk 0:03:17]} Nc6 {[%clk
0:46:03]} 27. Rf1 {[%clk 0:02:54]} Kg8 {[%clk 0:45:48]} 28. Bg2 {[%clk 0:02:19]}
Rd8 {[%clk 0:44:58]} 29. h4 {[%clk 0:01:31]} Nf6 {[%clk 0:39:52]} 30. Qe3 {[%clk
0:01:54]} Ng4 {[%clk 0:38:35]} 31. Qe4 {[%clk 0:01:31]} Bxd4+ {[%clk 0:36:07]}
32. Bxd4 {[%clk 0:01:52]} Nxd4 {[%clk 0:36:26]} 33. Rfd1 {[%clk 0:01:46]} Qb6
{[%clk 0:36:05]} 34. Kf1 {[%clk 0:01:03]} Red7 {[%clk 0:34:26]} 35. Bh3 {[%clk
0:01:15]} Nf6 {[%clk 0:25:56]} 36. Qe5 {[%clk 0:01:12]} Kf7 {[%clk 0:25:21]} 37.
Re1 {[%clk 0:00:31]} Rd6 {[%clk 0:22:23]} 38. Rde3 {[%clk 0:00:31]} Nc2 {[%clk
0:21:15]} 39. Bxe6+ {[%clk 0:00:31]} Kg7 {[%clk 0:21:35]} 40. Bb3 {[%clk
0:30:31]} Nxe3+ {[%clk 0:51:48]} 0-1

[Event "Greek Team Championship"]
[Site "chess24.com"]
[Date "2017.07.04"]
[Round "2"]
[White "Kazakos, Markos"]
[Black "Tzavaras, Spyridon"]
[Result "1-0"]
[Board "10"]
[WhiteElo "1808"]
[WhiteCountry "GRE"]
[WhiteFideId "25811363"]
[WhiteEloChange "2"]
[BlackElo "1321"]
[BlackCountry "GRE"]
[BlackFideId "25800140"]
[BlackEloChange "-2"]

1. g3 {[%clk 1:30:58]} c5 {[%clk 1:30:14]} 2. Bg2 {[%clk 1:31:17]} Nc6 {[%clk
1:30:06]} 3. d3 {[%clk 1:31:02]} d6 {[%clk 1:29:42]} 4. e4 {[%clk 1:29:36]} g6
{[%clk 1:28:35]} 5. Ne2 {[%clk 1:26:16]} Bg7 {[%clk 1:27:10]} 6. O-O {[%clk
1:25:47]} Nf6 {[%clk 1:26:09]} 7. c4 {[%clk 1:21:51]} O-O {[%clk 1:25:26]} 8.
Nbc3 {[%clk 1:21:31]} Qc7 {[%clk 1:22:30]} 9. h3 {[%clk 1:20:20]} a6 {[%clk
1:18:55]} 10. Bg5 {[%clk 1:17:43]} h6 {[%clk 1:16:59]} 11. Be3 {[%clk 1:14:09]}
Be6 {[%clk 1:14:22]} 12. g4 {[%clk 1:10:10]} Rab8 {[%clk 1:09:35]} 13. Qd2 {[%clk
1:08:35]} Kh7 {[%clk 1:08:50]} 14. f4 {[%clk 0:46:11]} b5 {[%clk 1:03:07]} 15. f5
{[%clk 0:45:07]} Bd7 {[%clk 0:56:45]} 16. cxb5 {[%clk 0:40:47]} axb5 {[%clk
0:56:35]} 17. fxg6+ {[%clk 0:37:42]} fxg6 {[%clk 0:56:51]} 18. g5 {[%clk
0:33:32]} hxg5 {[%clk 0:54:48]} 19. Bxg5 {[%clk 0:33:30]} b4 {[%clk 0:47:36]} 20.
Nd5 {[%clk 0:23:34]} Nxd5 {[%clk 0:46:11]} 21. exd5 {[%clk 0:23:54]} Ne5 {[%clk
0:46:19]} 22. Nf4 {[%clk 0:22:01]} Rf5 {[%clk 0:32:53]} 23. h4 {[%clk 0:20:32]}
Bf6 {[%clk 0:20:28]} 24. Nh3 {[%clk 0:16:02]} Rf8 {[%clk 0:15:20]} 25. Qe2 {[%clk
0:15:38]} Qa7 {[%clk 0:08:37]} 26. Kh1 {[%clk 0:14:53]} Qb7 {[%clk 0:07:26]} 27.
Rg1 {[%clk 0:13:26]} Kg7 {[%clk 0:06:57]} 28. Qe3 {[%clk 0:08:40]} Bxg5 {[%clk
0:06:08]} 29. Nxg5 {[%clk 0:08:25]} Ng4 {[%clk 0:05:43]} 30. Qxe7+ {[%clk
0:08:28]} R5f7 {[%clk 0:05:32]} 31. Nxf7 {[%clk 0:08:22]} Rxf7 {[%clk 0:05:35]}
32. Qxd6 {[%clk 0:06:55]} Nf2+ {[%clk 0:04:52]} 33. Kh2 {[%clk 0:07:11]} Rf6
{[%clk 0:04:27]} 34. Qe7+ {[%clk 0:06:04]} Rf7 {[%clk 0:04:44]} 35. Qe5+ {[%clk
0:05:45]} Rf6 {[%clk 0:04:17]} 36. Be4 {[%clk 0:05:12]} Ng4+ {[%clk 0:04:15]} 37.
Rxg4 {[%clk 0:05:40]} Bxg4 {[%clk 0:04:40]} 38. Rg1 {[%clk 0:04:56]} Bc8 {[%clk
0:04:01]} 39. Rxg6+ {[%clk 0:05:18]} Kh7 {[%clk 0:04:02]} 40. Qh5# {[%clk
0:35:38]} 1-0